Govt. of
Madhya Pradesh

Normal view MARC view

Entry Personal Name

Number of records used in: 1

001 - CONTROL NUMBER

  • control field: 2671

003 - CONTROL NUMBER IDENTIFIER

  • control field: OSt

005 - DATE AND TIME OF LATEST TRANSACTION

  • control field: 20150726164018.0

008 - FIXED-LENGTH DATA ELEMENTS

  • fixed length control field: 150726|| aca||aabn | a|a d

040 ## - CATALOGING SOURCE

  • Original cataloging agency: OSt
  • Transcribing agency: OSt

100 ## - HEADING--PERSONAL NAME

  • Personal name: Dhanju, Jaspal Kaur

670 ## - SOURCE DATA FOUND

  • Source citation: Work cat.: (OSt)14190: Dhanju, Jaspal Kaur, Economy & Society of Northern Gujrat(1750-1850), 1995